Daňové priznanie fyzickej osoby s príjmami v SR a v zahraničí

Postup pri zdaňovaní príjmov dosiahnutých v SR a v zahraničí pre fyzické osoby upravuje zákon č. 595/2003 Z. z. o dani z príjmov v znení neskorších predpisov. Dôležitá je zmluva o zamedzení dvojitého zdanenia.

Guardado en:
Detalles Bibliográficos
Autor principal: Benko, Ján
Formato: Capítulo de libro
Lenguaje:eslovaco
Materias:
Etiquetas: Agregar Etiqueta
Sin Etiquetas, Sea el primero en etiquetar este registro!

MARC

LEADER 00000nla a2200000 4500
001 0220755
005 20240502073626.8
041 0 |a slo 
044 |a SK 
245 1 0 |a Daňové priznanie fyzickej osoby s príjmami v SR a v zahraničí  |c Ján Benko 
520 |a Postup pri zdaňovaní príjmov dosiahnutých v SR a v zahraničí pre fyzické osoby upravuje zákon č. 595/2003 Z. z. o dani z príjmov v znení neskorších predpisov. Dôležitá je zmluva o zamedzení dvojitého zdanenia. 
610 2 0 |a dane z príjmov 
610 2 0 |a povinnosť daňová 
610 2 0 |a priznania daňové 
610 2 0 |a zdanenie dvojité 
610 2 0 |a predpisy daňové 
610 2 0 |a zdaňovanie medzinárodné 
610 2 0 |a osoby fyzické 
100 1 |a Benko, Ján